Producción de concreto para el Proyecto Corobici. Alternativas
Spremljeno u:
| Glavni autor: | |
|---|---|
| Format: | Nepoznato |
| Izdano: |
[San José, Costa Rica]
1979
|
| Teme: | |
| Oznake: |
Dodaj oznaku
Bez oznaka, Budi prvi tko označuje ovaj zapis!
|
MARC
| LEADER | 00000 a2200000 4500 | ||
|---|---|---|---|
| 003 | 001056 | ||
| 005 | 20221231143737.0 | ||
| 008 | 140114s1979 c m 000 ||s d | ||
| 040 | |c cru CEDI | ||
| 090 | |a TFG 869 | ||
| 100 | |a Díaz Alvarado, Edgar |9 16181 | ||
| 245 | |a Producción de concreto para el Proyecto Corobici. Alternativas | ||
| 260 | |c 1979 |a [San José, Costa Rica] | ||
| 300 | |a [101] hojas : ilustraciones (1 plegables) ; 28 cm | ||
| 500 | |a Tesis (ingeniero civil)--Universidad de Costa Rica. | ||
| 650 | |x INSTITUTO COSTARRICENSE DE ELECTRICIDAD.. PROYECTO HIDROELECTRICO DE COROBICI |x HORMIGON - PRODUCCION |9 16182 | ||
| 942 | |c TFG | ||
| 999 | |c 11151 |d 11151 | ||
